000
00313nam a22001457a 4500
008
230413b ||||| |||| 00| 0 eng d
020
_a
9780737733907
041
_a
eng
080
_a
94
082
_a
94OVS
100
_a
28
101
_a
HISTORI
245
_a
CHINA OPPOSING VIEWPOINTS
_c
OVS
942
_2
udc
_c
BK
999
_c
59527
_d
59527